[Event "Ibiza Eivissa op 8th"]
[Site "Eivissa"]
[Date "2019.07.13"]
[Round "2"]
[White "Sorribas Fernandez, Maria Jose"]
[Black "Roig Jaen, Ian"]
[Result "1/2-1/2"]
[WhiteElo "1140"]
[BlackElo "1322"]
[PlyCount "53"]
[EventDate "2019.07.07"]
[EventType "swiss"]
[EventRounds "7"]
[EventCountry "ESP"]
[SourceTitle "EXT 2020"]
[Source "ChessBase"]
[SourceDate "2019.10.17"]
[SourceVersion "1"]
[SourceVersionDate "2019.10.17"]
[SourceQuality "1"]

1. d4 Nf6 2. Bf4 d5 3. e3 e6 4. c3 c5 5. Nf3 Bd6 6. Bg3 Bxg3 7. hxg3 cxd4 8. cxd4 0-0 9. Nbd2 Nc6 10. Ne5 Nxe5 11. dxe5 Ne4 12. Nf3 f6 13. Bd3 fxe5 14. Bxe4 dxe4 15. Nxe5 Qf6 16. Ng4 Qxb2 17. 0-0 h5 18. Nh2 Qb5 19. Qc2 Qd3 20. Qc5 Qd5 21. Qc7 Qd7 22. Qe5 Qd5 23. Qc3 e5 24. a3 Rd8 25. Rad1 Qxd1 26. Rxd1 Rxd1+ 27. Nf1 1/2-1/2

[Event "Mallorca-ch (Women)"]
[Site "Mallorca"]
[Date "2019.04.21"]
[Round "5"]
[White "Sorribas Fernandez, Maria Jose"]
[Black "Cabello Ferrer, Raquel"]
[Result "0-1"]
[WhiteElo "1169"]
[BlackElo "1538"]
[PlyCount "64"]
[EventDate "2019.04.19"]
[EventType "swiss"]
[EventRounds "5"]
[EventCountry "ESP"]
[SourceTitle "EXT 2024"]
[Source "ChessBase"]
[SourceDate "2023.10.10"]
[SourceVersion "1"]
[SourceVersionDate "2023.10.10"]
[SourceQuality "1"]

1. d4 d5 2. Nc3 Nf6 3. Nf3 e6 4. a3 c5 5. e3 Nbd7 6. g3 Be7 7. Bg2 0-0 8. 0-0 b6 9. a4 Bb7 10. Bd2 Re8 11. Re1 Bf8 12. Nh4 e5 13. Ne2 e4 14. c3 Nb8 15. b4 Nc6 16. Rb1 Qd7 17. Rf1 g5 18. Nf4 gxh4 19. Bh3 Qc7 20. Nh5 Nxh5 21. Qxh5 Bc8 22. Qxh4 Bxh3 23. Qxh3 Qc8 24. Qh5 Qe6 25. f4 f5 26. Rf2 Qg6 27. Qg5 Be7 28. Qxg6+ hxg6 29. Rg2 Kf7 30. g4 Rg8 31. Kf2 fxg4 32. Rh1 a6 0-1

[Event "Ibiza Eivissa op 7th"]
[Site "Eivissa"]
[Date "2018.07.29"]
[Round "7"]
[White "Cardona Serra, Juan Andres"]
[Black "Sorribas Fernandez, Maria Jose"]
[Result "1-0"]
[WhiteElo "1338"]
[BlackElo "1217"]
[PlyCount "51"]
[EventDate "2018.07.08"]
[EventType "swiss"]
[EventRounds "7"]
[EventCountry "ESP"]
[SourceTitle "EXT 2019"]
[Source "ChessBase"]
[SourceDate "2018.10.10"]
[SourceVersion "1"]
[SourceVersionDate "2018.10.10"]
[SourceQuality "1"]

1. e4 e5 2. f4 Nf6 3. Nc3 d6 4. Nf3 exf4 5. d4 Nbd7 6. Bxf4 a6 7. Bc4 Nb6 8. Bb3 Be7 9. Ng5 Bg4 10. Qd3 Be6 11. Bxe6 fxe6 12. Nxe6 Qd7 13. d5 Nh5 14. 0-0 g5 15. Be3 Bf6 16. Rf5 Qe7 17. Raf1 Ng7 18. Nxg7+ Bxg7 19. Bxg5 Qd7 20. Rf7 Qg4 21. Qe3 Nc4 22. Qf4 Qxf4 23. R1xf4 Rg8 24. Re7+ Kd8 25. Rxg7+ Ke8 26. Rxg8+ 1-0

[Event "Ibiza Eivissa op 7th"]
[Site "Eivissa"]
[Date "2018.07.15"]
[Round "3"]
[White "Sorribas Fernandez, Maria Jose"]
[Black "Gil Kramer, Aram Miles"]
[Result "1-0"]
[WhiteElo "1217"]
[BlackElo "1180"]
[PlyCount "81"]
[EventDate "2018.07.08"]
[EventType "swiss"]
[EventRounds "7"]
[EventCountry "ESP"]
[SourceTitle "EXT 2019"]
[Source "ChessBase"]
[SourceDate "2018.10.10"]
[SourceVersion "1"]
[SourceVersionDate "2018.10.10"]
[SourceQuality "1"]

1. e4 e5 2. Bc4 Nc6 3. Ne2 Nf6 4. d3 d5 5. exd5 Nxd5 6. Nbc3 Nxc3 7. bxc3 Be7 8. Be3 0-0 9. 0-0 Bg4 10. h3 Bxe2 11. Qxe2 Bg5 12. d4 exd4 13. cxd4 Nxd4 14. Bxd4 Qxd4 15. Rad1 Qf4 16. Qg4 Rad8 17. g3 Qxg4 18. hxg4 Rxd1 19. Rxd1 Rd8 20. Re1 g6 21. f4 Bf6 22. Kh2 g5 23. Rf1 Rd2+ 24. Kh3 Rxc2 25. Bb3 Rc5 26. Rd1 gxf4 27. Rd7 fxg3 28. Rxf7 Bd4 29. Rf4+ Kg7 30. Rxd4 Rc3 31. Bd5 c6 32. Bg2 c5 33. Rd7+ Kf6 34. Rxb7 Ra3 35. Rxh7 c4 36. Kh4 c3 37. g5+ Ke5 38. Rc7 Kd4 39. g6 Ra6 40. g7 Rg6 41. Kh5 1-0